LEADER 00970cam0-2200313---450- 001 990005589320403321 005 20101007150304.0 035 $a000558932 035 $aFED01000558932 035 $a(Aleph)000558932FED01 035 $a000558932 100 $a19990604d1968----km-y0itay50------ba 101 0 $ager 102 $aAT 105 $af-------00-yy 200 1 $aChristliche Symbolik der mittelalterlichen Kunst$fWilhelm Molsdorf 210 $aGraz$cAkademische Druck- und Verlagsanstalt$d1968 215 $aXV, 294 p., [11] c. di tav.$d22 cm 300 $aRipr. facs. dell'ed.: Leipzig, 1926 610 0 $aArte cristiana$aSimbolismo$aSec. 5.-15. 676 $a704.9482 700 1$aMolsdorf,$bWilhelm$0215579 801 0$aIT$bUNINA$gRICA$2UNIMARC 901 $aBK 912 $a990005589320403321 952 $a704.948 MOL 1$bST. ARTE 10194$fFLFBC 959 $aFLFBC 996 $aChristliche Symbolik der mittelalterlichen Kunst$9608477 997 $aUNINA LEADER 01181nam0-2200385li-450 001 990000157180203316 005 20180312154843.0 010 $a0-201-40766-3 035 $a0015718 035 $aUSA010015718 035 $a(ALEPH)000015718USA01 035 $a0015718 100 $a2001995041994-------y0itay0103----ba 101 0 $aeng 102 $aUS 200 1 $a<> Internet companion$ea beginner's guide to global networking$fTracy Laquey 205 $a2nd ed 210 $aReading (Mass.)$cAddison-Wesley$dcopyr. 1994 606 $aInternet 676 $a384.33 700 1$aLAQUEY,$bTracy$0754392 801 $aSistema bibliotecario di Ateneo dell' Università di Salerno$gRICA 912 $a990000157180203316 951 $a384.33 LAQ$b5815 Ing.$c384$dY 959 $aBK 969 $aTEC 979 $c19950412 979 $c20001110$lUSA01$h1712 979 $aJOHNNY$b90$c20020103$lUSA01$h1330 979 $c20020403$lUSA01$h1623 979 $aSIAV6$b10$c20031008$lUSA01$h1128 979 $aSIAV6$b10$c20031008$lUSA01$h1129 979 $aPATRY$b90$c20040406$lUSA01$h1611 996 $aInternet companion$91517964 997 $aUNISA